ARRUPE JESUIT UNIVERSITY

CORONAVIRUS -STOP THE SPREAD - CLEAN,DISINFECT,COVER

Perspectives on the new Pentecostalism / (Record no. 121269)

MARC details
000 -LEADER
fixed length control field 00825cam a2200289 i 4500
001 - CONTROL NUMBER
control field 4430321
003 - CONTROL NUMBER IDENTIFIER
control field ARRUPE
005 - DATE AND TIME OF LATEST TRANSACTION
control field 20141118144702.0
008 - FIXED-LENGTH DATA ELEMENTS--GENERAL INFORMATION
fixed length control field 770823s1976 miu b 000 0 eng
010 ## - LIBRARY OF CONGRESS CONTROL NUMBER
LC control number 77151294
020 ## - INTERNATIONAL STANDARD BOOK NUMBER
International Standard Book Number 0801080762 :
035 ## - SYSTEM CONTROL NUMBER
System control number (OCoLC)3272368
035 ## - SYSTEM CONTROL NUMBER
System control number (OCoLC)ocm03272368
035 ## - SYSTEM CONTROL NUMBER
System control number (NNC)4430321
040 ## - CATALOGING SOURCE
Original cataloging agency DLC
Transcribing agency DLC
Modifying agency NNUT
050 0# - LIBRARY OF CONGRESS CALL NUMBER
Classification number BR1644
Item number .P47
090 ## - LOCALLY ASSIGNED LC-TYPE CALL NUMBER (OCLC); LOCAL CALL NUMBER (OCLC)
Classification number (OCLC) (R) ; Classification number, CALL (RLIN) (NR) BR1644
Local cutter number (OCLC) ; Book number/undivided call number, CALL (RLIN) .P47
300 ## - PHYSICAL DESCRIPTION
Dimensions 23 cm.
100 ## - MAIN ENTRY--PERSONAL NAME
Personal name Spittler, Russell P.
9 (RLIN) 12727
245 00 - TITLE STATEMENT
Title Perspectives on the new Pentecostalism /
Statement of responsibility, etc Russell P. Spittler, editor.
260 ## - PUBLICATION, DISTRIBUTION, ETC. (IMPRINT)
Place of publication, distribution, etc Grand Rapids :
Name of publisher, distributor, etc Baker Book House,
Date of publication, distribution, etc c1976.
300 ## - PHYSICAL DESCRIPTION
Extent 268 p. ;
504 ## - BIBLIOGRAPHY, ETC. NOTE
Bibliography, etc Includes bibliographical references.
650 #0 - SUBJECT ADDED ENTRY--TOPICAL TERM
Topical term or geographic name as entry element Pentecostalism.
9 (RLIN) 2956
700 1# - ADDED ENTRY--PERSONAL NAME
Personal name Spittler, Russell P.
9 (RLIN) 12728
942 ## - ADDED ENTRY ELEMENTS (KOHA)
Source of classification or shelving scheme Library of Congress Classification
Koha item type Monograph ( Printed materials)
Holdings
Withdrawn status Lost status Source of classification or shelving scheme Damaged status Not for loan Collection code Home library Current library Shelving location Date acquired Total Checkouts Full call number Barcode Date last seen Date checked out Price effective from Koha item type
    Library of Congress Classification     Main Collection ARRUPE LIBRARY ARRUPE LIBRARY Main Collection 18/11/2014 1 BR1644 .P47 46500001269 23/02/2023 06/02/2023 18/11/2014 Monograph ( Printed materials)

 

Arrupe Library. PO Box MP320 Mt Pleasant, Harare, Zimbabwe
263 242 745411|librarian@aju.ac.zw